Demi cinta Khisa

Bibliographic Details
Main Author: Abot
Format: Book
Published: Ampang : Pekan Ilmu , 2005
Subjects:

MARC

LEADER 00000cam a2200000 7i4500
001 0000020185
005 20070914.0
020 |a 9832567742 
040 |a INS 
090 0 0 |a PL5186   |b A26 2005 
100 1 |a Abot 
245 1 0 |a Demi cinta Khisa   |c Abot 
260 |a Ampang :   |b Pekan Ilmu ,   |c 2005 
300 |a 402 ms. ;   |c 19 cm. 
650 0 0 |a Malay fiction 
999 |a 0000019029   |b BOOK   |c Open Shelf   |e Default branch